00717 2200229 4500001002100000005001700021008004100038035002400079082000800103090001900111100002400130245014200154260002800296300002700324500006000351500002000411650001700431850000900448985000600457986000900463999001500472YOGYA-0209000007221620090227093616.0 ind  0010-020900000072216 a345 a345bKum PlSK aKUMALANINGDYAH, Nur aPelaksanaan pidana tmabahan uang pengganti dalam perkara korupsi sebagai upaya menyelamatkan uang negaracdisusun oleh Nur Kumalaningdyah aYogyakartab[s.n]c1994 axi,123[13]lembarc30cm aSkripsi Fkultas Hukum Universityas Janabadra Yogyakarta aBibliografi:123 aHukum pidana aBPAD a1 aheru a08A0036022